Thermodynamics (Record no. 22783)

000 -LEADER
fixed length control field 00438nam a22001817a 4500
001 - CONTROL NUMBER
control field 22783
003 - CONTROL NUMBER IDENTIFIER
control field BD-DhUET
008 - FIXED-LENGTH DATA ELEMENTS--GENERAL INFORMATION
fixed length control field 150430b xxu||||| |||| 00| 0 eng d
040 ## - CATALOGING SOURCE
Original cataloging agency DLC
Transcribing agency DLC
Modifying agency BD-DhUET
082 ## - DEWEY DECIMAL CLASSIFICATION NUMBER
Classification number 621.01
Item number KEE/1963
100 ## - MAIN ENTRY--PERSONAL NAME
Personal name Keenan, Joseph H.
245 ## - TITLE STATEMENT
Title Thermodynamics
250 ## - EDITION STATEMENT
Edition statement 1st ed.
260 ## - PUBLICATION, DISTRIBUTION, ETC. (IMPRINT)
Place of publication, distribution, etc. Camgridge
Name of publisher, distributor, etc. The M,I T Press
Date of publication, distribution, etc. 1963
300 ## - PHYSICAL DESCRIPTION
Extent xi, 507p.
Other physical details ill.
650 #0 - SUBJECT ADDED ENTRY--TOPICAL TERM
Topical term or geographic name as entry element Thermodynamics
942 ## - ADDED ENTRY ELEMENTS (KOHA)
Koha item type General Book
Holdings
Not for loan Koha item type Koha normalized classification for sorting Copy number Location (home branch) Source of classification or shelving scheme Koha date last seen Price effective from Damaged status Lost status Withdrawn status Piece designation (barcode) Koha full call number Date acquired Shelving location Sublocation or collection (holding branch)
 General Book621_010000000000000_KEE_19631Central Library, BUET 2015-04-302015-04-30   35081621.01/KEE/19632015-04-30Circulation sectionCentral Library, BUET
 General Book621_010000000000000_KEE_19632Central Library, BUET 2015-06-212015-06-21   4123621.01/KEE/19632015-06-21Reading sectionCentral Library, BUET